Statistics for Biggest Cities in Russian Far East

Click here to take the quiz!

General Stats

  • This quiz has been taken 29 times
  • The average score is 7 of 17

Answer Stats

Pop.City% Correct
604kVladivostok
95%
355kYakutsk
67%
90.8kMagadan
62%
165kPetropavlovsk-Kamchatsky
62%
617kKhabarovsk
57%
182kYuzhno-Sakhalinsk
52%
334kChita
48%
438kUlan-Ude
48%
70.1kBirobidzhan
43%
241kBlagoveshchensk
24%
239kKomsomolsk-on-Amur
24%
140kNakhodka
24%
180kUssuriysk
24%
110kArtyom
19%
61.4kBelogorsk
19%
51.1kKrasnokamensk
14%
53.4kNeryungri
14%

Score Distribution

Percentile by Number Answered

Percent of People with Each Score

Your Score History

You have not taken this quiz